Springtime for SPORCLE Quiz Stats

Quiz not verified by Sporcle

Challenge
Share
Tweet
Embed
Score 0/20 Timer 05:00
0 Plays Today
Hint Answer % Correct
Tabloid talk-show host, former mayor of CincinnatiJerry Springer
81%
Capital of IllinoisSpringfield
81%
Movie/musical/movie featuring 'Springtime for Hitler'The Producers
71.4%
Animal in Winnie-the-Pooh whose bottom, according to the song, is made out of springsTigger
66.7%
The Spring version of this falls around March 20Equinox
66.7%
Gun dog, closely related to the cocker spanielSpringer spaniel
61.9%
California desert resort city, Hollywood retreat; Sonny Bono once its mayorPalm Springs
61.9%
Composer whose fifth violin sonata (1801) is nicknamed 'Spring'Ludwig van Beethoven
52.4%
High spirits following winter; also songs by Loretta Lynn & Elvis, novel by WodehouseSpring fever
42.9%
Gilbert & Sullivan operetta containing song, 'The Flowers that Bloom in the Spring'The Mikado
33.3%
Hint Answer % Correct
Georgia health spa popularized by Franklin D. Roosevelt, who died thereWarm Springs
33.3%
A mid-sized antelope found mainly in south and southwest AfricaSpringbok
33.3%
A source of continual supplyWellspring
28.6%
Pasta dish made with spring vegetables, Parmesan cheesePasta Primavera
23.8%
His 'Ode to the West Wind' contains 'If winter comes, can spring be far behind?'Percy Bysshe Shelley
19%
Song from 'South Pacific,' now a jazz standard sung by Sinatra, Williams, Patinkin, et al.Younger Than Springtime
19%
1891 play by Wedekind, in 2006 made into award-winning musicalSpring Awakening
19%
The principal power source of mechanical watches and other wind-up clockworkMainspring
14.3%
His Symphony No. 1 in B-flat (1840) has the nickname 'Spring'Robert Schumann
14.3%
Waltz by Johann Strauss II, featured in Three Stooges short 'Micro Phonies'Voices of Spring
9.5%

You're not logged in!

Compare scores with friends on all Sporcle quizzes.
Sign Up with Email
OR
Log In

You Might Also Like...

Show Comments

Extras

Top Quizzes Today


Score Distribution

Your Account Isn't Verified!

In order to create a playlist on Sporcle, you need to verify the email address you used during registration. Go to your Sporcle Settings to finish the process.

Report this User

Report this user for behavior that violates our Community Guidelines.

Details: